00488nam a2200205Ia 4500008004100000020001800041050001400059100002200073245003700095245002500132260001000157260001600167260000900183300001600192300002600208300001000234300002300244440000700267500000800274170918s9999 xx 000 0 und d a9780439661638 bS857 2003 aStilton, Geronimo 4aThe temple of the ruby of fire / cby Geronimo Stilton. aUSA : bScholastic, c2003 a106 pages : bcolor illustrations ; c19cm. eGeronimo Stilton ; a14 a440